000 00458nam a2200181Ia 4500
001 19166
005 20260306171724.0
008 260306s9999||||xx |||||||||||||| ||und||
041 _aESP
082 _a658.8
_bR93
100 _aRuiz Pardo, José
_eAUT
245 0 _aNeuropymes:
_baprenda a vender y fidelizar usando neuromarketing
260 _c2013
300 _a244 páginas :
_c23 cm.
650 _aGEN
654 _aCAN
942 _cLIB
_dJUS
_fJUS
_2ddc
_n
999 _c19166
_d19166